000
00336nam a22001577a 4500
003
SGT
020
_a
978-81-265-1414-4
082
_a
615.19
_b
I20M
100
_a
MIESSLER,GARY L.
245
_a
INORGANIC CHEMISTRY
250
_a
3RD
260
_a
NEW DELHI
_b
PEARSON
_c
2020
300
_a
740
650
_a
PHARMACY
942
_2
ddc
_c
BK
_0
5
999
_c
20509
_d
20509